000 00296nam a22001337a 4500
008 240116b ||||| |||| 00| 0 eng d
041 _aeng
080 _22018
_a796.3
082 _a796.3
100 _a16
101 _aSHPS
245 _aBASIC TRAINING FOR LIFE
_cMARINO BASIC
942 _2udc
_cBK
999 _c60545
_d60545